<?xml version="1.0" encoding="UTF-8"?>
<marc:record xmlns:marc="http://www.loc.gov/MARC21/slim">
   <marc:leader>00000nam a2200000 a 4500</marc:leader>
   <marc:datafield ind1="1" ind2=" " tag="100">
      <marc:subfield code="a">Triet, Justine (Reg.)</marc:subfield>
      <marc:subfield code="4">aut</marc:subfield>
      <marc:subfield code="e">Verfasser/-in</marc:subfield>
   </marc:datafield>
   <marc:datafield ind1="0" ind2="0" tag="245">
      <marc:subfield code="a">Victoria</marc:subfield>
   </marc:datafield>
   <marc:datafield ind1="0" ind2="0" tag="245">
      <marc:subfield code="b">Männer &amp; andere Missgeschicke</marc:subfield>
   </marc:datafield>
   <marc:datafield ind1="0" ind2="0" tag="245">
      <marc:subfield code="c">Justine (Reg.) Triet</marc:subfield>
   </marc:datafield>
   <marc:datafield ind1=" " ind2="1" tag="264">
      <marc:subfield code="a">München</marc:subfield>
      <marc:subfield code="b">Ecco-Film</marc:subfield>
      <marc:subfield code="c">2016</marc:subfield>
   </marc:datafield>
   <marc:datafield ind1="1" ind2=" " tag="490">
      <marc:subfield code="a">4</marc:subfield>
   </marc:datafield>
   <marc:datafield ind1="1" ind2=" " tag="520">
      <marc:subfield code="a">Victoria ist Anwältin in Paris, alleinerziehend, sympathisch-neurotisch und ein Magnet für Katastrophen aller Art. Als sie bei einer Hochzeit erst auf ihren alten Freund Vincent und dann auf einen Ex-Klienten, den zerstreuten Lebenskünstler Sam, trifft, nimmt ihr ohnehin chaotisches Leben sowohl beruflich als auch emotional noch weiter Fahrt auf. Denn tags darauf steht Vincent unter Anklage - einziger Entlastungszeuge ein Dalmatiner - und der wohnungslose Sam landet als Au-Pair-Boy bei ihr, natürlich nicht ohne romantische Hintergedanken.</marc:subfield>
   </marc:datafield>
   <marc:datafield ind1=" " ind2=" " tag="020">
      <marc:subfield code="a">4042564177657</marc:subfield>
      <marc:subfield code="9">4042564177657</marc:subfield>
   </marc:datafield>
   <marc:datafield ind1=" " ind2=" " tag="500">
      <marc:subfield code="a">FSK ab 12 J</marc:subfield>
   </marc:datafield>
   <marc:datafield ind1="0" ind2=" " tag="490">
      <marc:subfield code="v">0</marc:subfield>
   </marc:datafield>
   <marc:datafield ind1=" " ind2=" " tag="300">
      <marc:subfield code="a">92 Min.</marc:subfield>
   </marc:datafield>
</marc:record>
